Responses for Show #9097 - Tuesday, May 7, 2024

Allison Gross game 1.

Contestants

[<< previous game]

Allison Gross, a data scientist from Cleveland, Ohio

Daniel King, a Brown University graduate from Parsippany, New Jersey

Matthew Smith, a paramedic from New York, New York (whose 1-day cash winnings total $26,400)

[next game >>]

Jeopardy! Round responses

"ONE" OF THOSE BOOKS
DEATH IN THE CAPITAL
IT'S ALL RELATIVE
(Ken: Each response will contain the name of a family or extended family member.)
HODGEPODGE
TV MOVIES
WORDS IN JEOPARDY
(Ken: These responses made up of letters found in the word "jeopardy".)
    $200 30
One Fish, Two Fish, Red Fish, Blue Fish

Allison
    $200 29
Moscow

Allison
    $200 27
Uncle Sam

Matthew
    $200 24
Pixar

Allison
    $200 28
Lindsay Lohan

Triple Stumper
    $200 14
jar

Daniel
    $400 19
One for the Money

Allison
    $400 21
Jim Morrison

Triple Stumper
    $400 22
mother superior

Allison
    $400 23
the Eiffel Tower

Matthew
    $400 26
Liberace

Allison
    $400 13
adore

Matthew
    $600 15
Me Talk Pretty One Day

Allison
    $600 20
(Matthew: What is Toronto?)

Ottawa

MatthewAllison
    $600 5
Cousin Itt

Allison
    $600 17
(Matthew: What is morphine?)
(Allison: What is laudanum?)
(Daniel: What is opium?)
(Ken: Mm, can you be more specific?)
(Daniel: [Shakes head])
(Ken: It was actually [*] that Bayer was saying you should take for a cough, which we do not recommend here at Jeopardy!)
[Laughter]

heroin

MatthewDanielAllison
Triple Stumper
    $600 25
Hilary Swank

Triple Stumper
    $600 12
a Padre

Triple Stumper
    $800 4
(Ken: Got filmed twice, actually, [*].)

Let the Right One In

Triple Stumper
    $2,000 16
Michelangelo

Allison
    $800 3
the daddy long-legs

Daniel
    $800 7
Guatemala

Daniel
    $800 10
61*

Matthew
    $800 8
an ode

Allison
    $1000 18
One Day in the Life of Ivan Denisovich

Matthew
    $1000 1
Charles II

Allison
    $1000 2
(Allison: Who is Aunt Becky?)
...
(Ken: Becky's the girlfriend, this is [*].)

Aunt Polly

Allison
Triple Stumper
    $1000 6
Toyota

Matthew
    $1000 11
(Ken: Oh, no, who is [*]?)

Aaliyah

Triple Stumper
    $1000 9
(Ken: It's a hard word, you're looking at [*].)

a dray

Triple Stumper

Scores at the first commercial break (after clue 15):

Matthew Daniel Allison
$2,200 $1,800 $2,000

Scores at the end of the Jeopardy! Round:

Matthew Daniel Allison
$2,600 $1,200 $5,800

Double Jeopardy! Round responses

AROUND THE ADRIATIC
PRONUNCIATION ADVICE
DINOSAURS
DO YOU KNOW YOUR RALPHABET?
POP MUSIC
TEAR U-S APART
(Ken: Each response will begin with a "U", end with an "S", and we'll give you the number of letters between the "U" and the "S".)
    $400 20
St. Nicholas

Daniel
    $400 21
Pulitzer

Triple Stumper
    $400 25
(Daniel: What is a bill?)
(Ken: Can you be more specific?)

a duckbill

Daniel
    $400 27
[The end-of-round signal sounds.]

Ralph Lauren

Allison
    $800 19
Croatia

Matthew
    $800 6
Voldemort

Allison
    $800 26
birds

Matthew
    $800 10
(Ralph) Nader

Matthew
    $800 12
upstairs

Allison
    $1200 15
the Po

Triple Stumper
    $1200 3
Frommer's

Allison
    $1200 13
the Field Museum

Allison
    $1200 16
(Allison: Who is Ellison?)

Ralph Waldo Emerson

Allison
Triple Stumper
    $1200 23
(Ken: Less than a minute, Daniel.)

"Break My Soul"

Triple Stumper
    $1200 9
Ulysses

Allison
    $2,000 18
Montenegro

Allison
    $2,000 1
(Daniel: What is...)

Newfoundland

Daniel
    $1600 2
the teeth

Triple Stumper
    $1600 17
Ralph Bunche

Triple Stumper
    $1600 22
The Strokes

Triple Stumper
    $1600 7
(Leon) Uris

Allison
    $2000 5
the Ionian

Daniel
    $2000 4
(Ken: You can say it however you want; you're the paramedic.)

an oophorectomy

Matthew
    $2000 14
(Allison: What is a Biceratops?)

Ceratops

Allison
Triple Stumper
    $2000 11
Ralph Reed

Triple Stumper
    $2000 24
(Ken: I remember Mannequin, Diane.)

"Nothing's Gonna Stop Us Now"

Triple Stumper
    $2000 8
useless

Triple Stumper

Scores at the end of the Double Jeopardy! Round:

Matthew Daniel Allison
$7,000 $2,000 $11,800

[wagering suggestions for these scores]

Final Jeopardy! Round responses

FAMOUS CHARACTERS
(Ken: [To Daniel] Yes, the Prosper Mérimée novel on which Bizet based the opera [*].)
...
(Ken: [To Allison] Not [*], who is Lady...)
(Allison: I don't know.)
(Ken: Something.)
(Allison: Just writing scribbles.)
DanielWho is Carmen???
$1,998
MatthewWho is Maria?
$4,900
AllisonWho is lady chatte
$2,201
Carmen

Final scores:

Matthew Daniel Allison
$2,100 $3,998 $9,599
3rd place: $2,000 2nd place: $3,000 New champion: $9,599

Game dynamics:

Coryat scores:

Matthew Daniel Allison
$7,000 $4,000 $10,200
10 R,
2 W
6 R,
2 W
(including 1 DD)
20 R
(including 2 DDs),
4 W

Combined Coryat: $21,200

[game clues] [game scores] [suggest correction]

Game tape date: 2024-04-02
The J! Archive is created by fans, for fans. Scraping, republication, monetization, and malicious use prohibited; this site may use cookies and collect identifying information. See terms. The Jeopardy! game show and all elements thereof, including but not limited to copyright and trademark thereto, are the property of Jeopardy Productions, Inc. and are protected under law. This website is not affiliated with, sponsored by, or operated by Jeopardy Productions, Inc. Join the discussion at JBoard.tv.